If you really want to change the world : A guide to creating, building, and sustaining breakthrough ventures

Đã lưu trong:
書目詳細資料
主要作者: Kressel, Henry
格式: 圖書
語言:Undetermined
出版: Boston, Massachusetts Harvard Business Review Press 2015
主題:
標簽: 添加標簽
沒有標簽, 成為第一個標記此記錄!
Thư viện lưu trữ: Trung tâm Học liệu Trường Đại học Cần Thơ
LEADER 00800nam a2200193Ia 4500
001 CTU_225306
008 210402s9999 xx 000 0 und d
082 |a 658.11 
082 |b K92 
100 |a Kressel, Henry, 
245 0 |a If you really want to change the world : 
245 2 |b A guide to creating, building, and sustaining breakthrough ventures 
245 0 |c Henry Kressel, Norman Winarsky. 
260 |a Boston, Massachusetts 
260 |b Harvard Business Review Press 
260 |c 2015 
650 |a Doanh nhân,New business enterprises,Entrepreneurship,Doanh nghiệp mới,Doanh nghiệp mới,Doanh nghiệp mới,Doanh nghiệp mới 
650 |x Management,Quản lý,Quản lý,Quản lý,Quản lý 
980 |a Trung tâm Học liệu Trường Đại học Cần Thơ